| 000 | 02026nam a2200265Ia 4500 | ||
|---|---|---|---|
| 003 | Ost | ||
| 005 | 20260507075415.0 | ||
| 008 | 260507s9999||||xx |||||||||||||| ||und|| | ||
| 020 | _a20269599579 | ||
| 040 | _cfsecg | ||
| 041 | _aara | ||
| 082 | _a330 | ||
| 100 |
_aعبد الله، محمد فريد _eمؤلف |
||
| 245 | 0 |
_aاستراتيجية التنمية السياحية المستدامة / _c محمد فريد عبد الله |
|
| 260 |
_aعمان: _bدار الايام, _c2015 |
||
| 300 |
_a208 صفحة؛ _bإيضاحات ؛ _c25 سم |
||
| 520 | _aتعريف واهداف ومبادئ التنمية المستدامة -تعارف واهداف التنمية السياحية المستدامة -اركان التنمية السياحية المستدامة -دلالات التنمية المستدامة -تجربة مصر في التنمية السياحية المستدامة -تجربة لبنان في التنمية السياحية المستدامة -دور منظمة الامم المتحدة في التنمية السياحية المستدامة -الاقتراحات والتوصيات الصادرة عن الامم المتحدة -السياحة البيئية العربية -مؤشرات واستراتيجية السياحية المستدامة في محافظة كرباء المقدسة -الانماط السياحية في محافظة كربلاء المقدسة -واقع التنمية السياحية محافظة كربلاء المقدسة -مؤشرات التنمية السياحية المستدامة في كربلاء المقدسة -استراتيجية التنمية السياحية المستدامة في محافظة كربلاء المقدسة. | ||
| 653 | _aالتخطيط التنموي | ||
| 653 | _aالتنمية | ||
| 653 | _aالتنمية المستدامة | ||
| 653 | _aتطوير السياحة | ||
| 653 | _aتنمية السياحة | ||
| 700 |
_aالموسوي، صفاء عبد الجبار _eمؤلف ثانوي |
||
| 942 | _cكتاب | ||
| 999 |
_c44441 _d44441 |
||